ბათუმის შოთა რუსთაველის სახელმწიფო უნივერსიტეტის ბიბლიოთეკა

Варвары против Рима (ბიბ.ჩანაწერი № 35029)

000 -LEADER
fixed length control field 00585nam a2200217Ia 4500
001 - CONTROL NUMBER
control field 868
003 - CONTROL NUMBER IDENTIFIER
control field GE_BSU
008 - FIXED-LENGTH DATA ELEMENTS--GENERAL INFORMATION
fixed length control field 181216s||||||||xx |||||||||||||| ||und||
040 ## - CATALOGING SOURCE
Transcribing agency GE_BSU
080 ## - UNIVERSAL DECIMAL CLASSIFICATION NUMBER
Universal Decimal Classification number 94(3)
100 ## - MAIN ENTRY--PERSONAL NAME
Personal name Джонс,Терри;Эрейра,Алан
245 ## - TITLE STATEMENT
Title Варвары против Рима
245 ## - TITLE STATEMENT
Statement of responsibility, etc. Перев. с англ.В.Шарапова
260 ## - PUBLICATION, DISTRIBUTION, ETC.
Place of publication, distribution, etc. Москва
260 ## - PUBLICATION, DISTRIBUTION, ETC.
Name of publisher, distributor, etc. Эксмо:Алгоритм
260 ## - PUBLICATION, DISTRIBUTION, ETC.
Date of publication, distribution, etc. 2010
300 ## - PHYSICAL DESCRIPTION
Extent 352стр.
653 ## - INDEX TERM--UNCONTROLLED
Uncontrolled term Варвары против Рима
653 ## - INDEX TERM--UNCONTROLLED
Uncontrolled term История
942 ## - ADDED ENTRY ELEMENTS (KOHA)
Koha item type წიგნი
ეგზემპლარები
Withdrawn status Lost status Damaged status Not for loan Date acquired Barcode Date last seen Price effective from Koha item type
        2018-12-17 1290 2018-12-17 2018-12-17 წიგნი